|
|
|
|
| LEADER |
00000nam0a2200000 4500 |
| 001 |
211808 |
| 005 |
20231101225717.0 |
| 010 |
|
|
|a 9785941783205
|
| 035 |
|
|
|a (RuTPU)RU\TPU\book\231401
|
| 090 |
|
|
|a 211808
|
| 100 |
|
|
|a 20120320d2012 k y0rusy50 ca
|
| 101 |
0 |
|
|a rus
|
| 102 |
|
|
|a RU
|
| 105 |
|
|
|a a z 001zy
|
| 200 |
1 |
|
|a Оптимальное управление качеством
|e монография
|f Р. Р. Загидуллин
|
| 210 |
|
|
|a Старый Оскол
|c ТНТ
|d 2012
|
| 215 |
|
|
|a 124 с.
|c ил.
|
| 320 |
|
|
|a Библиогр.: с. 123.
|
| 330 |
|
|
|a Монография посвящена вопросам повышения качества продукции. Предложено понятие интегрального показателя качества продукции. Представлены методы количественной оценки и оптимального управления качеством по критерию максимума Понтрягина. Рассмотрены задачи систем ного анализа в управлении качеством. Представлены модели и критерии планирования в системах MES, APS и ERP. Рассмотрены математические модели управления качеством с учётом стохастичности производственных процессов. Предназначена для научных работников, специалистов, аспирантов и студентов, специализирующихся в области управления качеством продукции в производстве.
|
| 606 |
1 |
|
|a Качество продукции
|x Управление
|2 stltpush
|3 (RuTPU)RU\TPU\subj\14180
|9 40640
|
| 610 |
1 |
|
|a определения
|
| 610 |
1 |
|
|a понятия
|
| 610 |
1 |
|
|a оптимальное управление
|
| 610 |
1 |
|
|a модели
|
| 610 |
1 |
|
|a производственные процессы
|
| 610 |
1 |
|
|a стохастичность
|
| 610 |
1 |
|
|a системный анализ
|
| 610 |
1 |
|
|a математическое моделирование
|
| 675 |
|
|
|a 658.562
|v 3
|
| 700 |
|
1 |
|a Загидуллин
|b Р. Р.
|g Равиль Рустэм-бекович
|
| 801 |
|
1 |
|a RU
|b 63413507
|c 20120320
|
| 801 |
|
2 |
|a RU
|b 63413507
|c 20150707
|g RCR
|
| 900 |
|
|
|a Управление качеством
|
| 942 |
|
|
|c BK
|
| 959 |
|
|
|a 43/20120320
|d 2
|e 220,00
|f ЧЗТЛ:1
|f АНЛ:1
|